000 01037nas a2200325 4500
001 BR2014006701
003 BR-BrBNA
005 20231205124637.0
007 ta
008 230509b bl.|||p| |||| 00| 00por d
040 _aBR-BrBNA
_bpor
_cBiblioteca Nacional de Agricultura
041 _a(En)
072 _aP34
100 1 _aMarinho, R. de C.N.
100 1 _aNóbrega, R.S.A.
100 1 _aZilli, J.E.
100 1 _aXavier, G.R.
100 1 _aSantos, C.A.F.
100 1 _aAidar, S. de T.
100 1 _aMartins, L.M.V.
100 1 _aFernandes Júnior, P.I.
245 1 _aField performance of new cowpea cultivars inoculated with efficient nitrogen-fixing rhizobial strains in the brazilian semiarid
650 _aFEIJÃO DE CORDA
650 _aFIXAÇÃO DE NITROGÊNIO
650 _aRHIZOBIUM
650 _aINOCULAÇÃO
773 0 _tPesquisa Agropecuária Brasileira (Brazil)
_xISSN 0100-204X
_g(May 2014), v. 49(5) p. 395-402
_wBR2014006701
909 _a202311
_bLúcia
_c55
_dLúcia Elande
942 _2AGRIS
_n0
_cANA
999 _c240146
_d240146